000 00805nam a2200265Ia 4500
003 OSt
005 20220928123923.0
006 a|||||r|||| 00| 0
007 ta
008 220927b |||||||| |||| 00| 0 eng d
020 _c4352.6999999999998
024 _a115506
037 _b166, 05/03/2012, Better Book Service
_cTextual
040 _aSDCL
_cSDCL
_beng
041 _2eng
_aeng
082 _aO-,3NRJ:g, Q1
100 _aBerndt Katrin Ed.
_9462289
245 0 _aHeroism in the Harry Potter series.
260 _aSurrey
_bAshgate
_c2011
300 _axv,234p
_ccm.
650 _aEnglish
700 _a Steveker Lena Ed.
_9462290
942 _hO-,3NRJ:g, Q1
_cTEXL
_2CC
999 _c775288
_d775288